000 00989nam a22002897a 4500
001 BR9100797
003 BR-BrBNA
005 20230928093522.0
007 ta
008 230509b bl.||||| |||| 00| 0 por d
040 _aBR-BrBNA
_bpor
_cBiblioteca Nacional de Agricultura
041 _a(Por)
072 _aP01; K10; N01
090 _ P01 BR9100797
100 1 _aSouza, W. de
110 1 _aUniversidade Federal de Vicosa, MG (Brasil)
_0Tese (Magister Scientiae)
245 1 _aPlanejamento da rede viaria e zoneamento em unidades de conservacao, empregando um sistema de informacoes geograficas
260 3 _aVicosa, MG (Brasil):
_c1990.
300 _a89 p.
500 _a34 illus.; 28 ref.; Summaries (Eng, Por). (*) Documento disponível na(o) Universidade Federal de Vicosa, MG (Brazil)
650 _aCONSERVACAO
650 _aPARQUE ESTADUAL
650 _aPLANEJAMENTO FLORESTAL
650 _aESTRADA DE RODAGEM
909 _a202309
_bLucia
_c55
_dLucia Elande
942 _cBK
999 _c45459
_d45459